Malý průvodce pomocí neslyšícím v rozvojových zemích / Roman Lupoměský
Record details
- ISBN: 978-80-270-1015-8
- Physical Description: 53 stran : ilustrace ; 21 cm
- Publisher: Praha : Neslyšící s nadějí, 2016
Content descriptions
| General Note: | Název z obálky |
| Bibliography, etc. Note: | Obsahuje bibliografické odkazy |
Available copies
- 1 of 1 copy available at Common Catalog SPOK.
Holds
- 0 current holds with 1 total copy.
Show Only Available Copies
| Location | Call Number / Copy Notes | Barcode | Shelving Location | Status | Due Date |
|---|---|---|---|---|---|
| Jabok Library | PeS-5.2/L | 424480039135 | Odborná literatura | Available | - |
| LDR | 00792nam a2200253 i 4500 | ||
|---|---|---|---|
| 001 | 24594 | ||
| 003 | CZ-PrJAB | ||
| 005 | 20170308080701.0 | ||
| 007 | ta | ||
| 008 | 170228s2016 xr a e 000 0 cze | ||
| 015 | . | ‡acnb002864917 | |
| 020 | . | ‡a978-80-270-1015-8 ‡q(brožováno) | |
| 035 | . | ‡a(CZ PrNK)nkc20162864917 | |
| 040 | . | ‡aABA001 ‡bcze ‡erda | |
| 100 | 1 | . | ‡aLupoměský, Roman, ‡d1978- ‡7mzk2010598447 ‡4aut |
| 245 | 1 | 0. | ‡aMalý průvodce pomocí neslyšícím v rozvojových zemích / ‡cRoman Lupoměský |
| 264 | 1. | ‡aPraha : ‡bNeslyšící s nadějí, ‡c2016 | |
| 300 | . | ‡a53 stran : ‡bilustrace ; ‡c21 cm | |
| 336 | . | ‡atext ‡btxt ‡2rdacontent | |
| 337 | . | ‡abez média ‡bn ‡2rdamedia | |
| 338 | . | ‡asvazek ‡bnc ‡2rdacarrier | |
| 500 | . | ‡aNázev z obálky | |
| 504 | . | ‡aObsahuje bibliografické odkazy | |
| 653 | 0 | . | ‡aneslyšící ‡arozvojové země ‡ahumanitární pomoc |
| 910 | . | ‡aABG312 | |
| 901 | . | ‡a24594 ‡b ‡c24594 ‡tbiblio | |